Detalles MARC
| 000 -CABECERA |
| campo de control de longitud fija |
01771nam a2200277 i 4500 |
| 001 - NÚMERO DE CONTROL |
| campo de control |
000046214 |
| 003 - IDENTIFICADOR DEL NÚMERO DE CONTROL |
| campo de control |
DO-SdBNP |
| 005 - FECHA Y HORA DE LA ÚLTIMA TRANSACCIÓN |
| campo de control |
20250410123847.0 |
| 007 - CAMPO FIJO DE DESCRIPCIÓN FÍSICA--INFORMACIÓN GENERAL |
| campo de control de longitud fija |
ta |
| 008 - DATOS DE LONGITUD FIJA--INFORMACIÓN GENERAL |
| campo de control de longitud fija |
150707s2000 dr 000 j spa d |
| 020 ## - NÚMERO INTERNACIONAL ESTÁNDAR DEL LIBRO |
| Número Internacional Estándar del Libro |
9993442038 |
| 040 ## - FUENTE DE LA CATALOGACIÓN |
| Centro catalogador/agencia de origen |
DO-SdBNP |
| Lengua de catalogación |
spa |
| Centro/agencia transcriptor |
BNPHU |
| Normas de descripción |
rda |
| 082 #4 - NÚMERO DE LA CLASIFICACIÓN DECIMAL DEWEY |
| Número de clasificación |
RD863.44 |
| Número de documento/Ítem |
C965b |
| Número de edición |
22 |
| 245 00 - MENCIÓN DE TÍTULO |
| Título |
Cuentos breves. |
| 264 ## - PRODUCCIÓN, PUBLICACIÓN, DISTRIBUCIÓN, FABRICACIÓN Y COPYRIGHT |
| Producción, publicación, distribución, fabricación y copyright |
Santo Domingo : |
| Nombre del de productor, editor, distribuidor, fabricante |
Ediciones Ferilibro, |
| Fecha de producción, publicación, distribución, fabricación o copyright |
2000 |
| 300 ## - DESCRIPCIÓN FÍSICA |
| Extensión |
57 páginas ; |
| Dimensiones |
23 cm. |
| 336 ## - TIPO DE CONTENIDO |
| Fuente |
rdacontent |
| Término de tipo de contenido |
texto |
| Código de tipo de contenido |
txt |
| 337 ## - TIPO DE MEDIO |
| Fuente |
rdamedia |
| Nombre/término del tipo de medio |
sin mediación |
| Código del tipo de medio |
n |
| 338 ## - TIPO DE SOPORTE |
| Fuente |
rdacarrier |
| Nombre/término del tipo de soporte |
volumen |
| Código del tipo de soporte |
nc |
| 505 0# - NOTA DE CONTENIDO CON FORMATO |
| Información miscelánea |
Presentación -- |
| Mención de responsabilidad |
José Rafael Lantigua / |
| Información miscelánea |
Cuentos premiados -- |
| -- |
primer premio : |
| Título |
La gotita de agua / |
| Mención de responsabilidad |
Elisa Fernández Malla -- |
| Información miscelánea |
segundo premio : |
| Título |
Yo escribo libros / |
| Mención de responsabilidad |
Rosalyn Arias Piantini -- |
| Información miscelánea |
tercer premio : |
| Título |
En los brazos de la noche / |
| Mención de responsabilidad |
Hyden Carrón -- |
| Información miscelánea |
Menciones de honor : |
| Título |
La constancia / |
| Mención de responsabilidad |
Juan Bautista Cueto -- |
| Título |
Loquito por Marilyn / |
| Mención de responsabilidad |
Jan Castillo -- |
| Título |
Cuerpo errante / |
| Mención de responsabilidad |
Johanna Lantigua Vargas -- |
| Título |
El silencio dice muerte / |
| Mención de responsabilidad |
Miguel Piccini -- |
| Título |
Sueño / |
| Mención de responsabilidad |
Rommel Soto -- |
| Título |
Frío / |
| Mención de responsabilidad |
Judith Celeste Morillo Montero -- |
| Título |
Escape / |
| Mención de responsabilidad |
Gloria María Read -- |
| Título |
Desde el balcón / |
| Mención de responsabilidad |
Gloria María Read -- |
| Título |
Maravillosas píldoras / |
| Mención de responsabilidad |
aralí Medrano Carvajal -- |
| Título |
Créeme / |
| Mención de responsabilidad |
Tulio José Mateo de Peña -- |
| Título |
Claudia / |
| Mención de responsabilidad |
María Ivanova Reyes Peguero -- |
| Título |
El contacto / |
| Mención de responsabilidad |
Gabriela María Read -- |
| Título |
Tiempo sin tiempo / |
| Mención de responsabilidad |
Ramón Mesa -- |
| Título |
Compromiso con el destino / |
| Mención de responsabilidad |
María de Montserrat Sistachs Gómez -- |
| Título |
Sólo por un sueño / |
| Mención de responsabilidad |
Gabriela María Navarro -- |
| Título |
Sobre los autores -- |
| 590 ## - NOTA LOCAL (RLIN) |
| Nota local |
Perteneció a la biblioteca personal de Chiqui Vicioso/Fidelio Despradel |
| 650 #4 - PUNTO DE ACCESO ADICIONAL DE MATERIA--TÉRMINO DE MATERIA |
| Término de materia o nombre geográfico como elemento de entrada |
Cuentos dominicanos |
| 650 #4 - PUNTO DE ACCESO ADICIONAL DE MATERIA--TÉRMINO DE MATERIA |
| Término de materia o nombre geográfico como elemento de entrada |
Literatura dominicana |
| 910 ## - DATOS DE OPCIÓN DEL USUARIO (OCLC) |
| Datos de opción del usuario |
Validado. Control de calidad MFF |
| 942 ## - ELEMENTOS DE PUNTO DE ACCESO ADICIONAL (KOHA) |
| Fuente del sistema de clasificación o colocación |
Dewey Decimal Classification |
| Tipo de ítem Koha |
Libro |